[Event "BL 2017-18"]
[Site "Germany"]
[Date "2018.02.24"]
[Round "9"]
[White "Schreiner, Peter"]
[Black "Gharamian, Tigran"]
[Result "1/2-1/2"]
[WhiteElo "2452"]
[BlackElo "2622"]
[Annotator "TA"]
[PlyCount "82"]
[EventDate "2018.05.24"]
[EventType "team-tourn"]
[EventCountry "GER"]
[SourceTitle "playchess.com"]
[Source "ChessBase"]
[SourceQuality "1"]
[WhiteTeam "SFR Berlin"]
[BlackTeam "Schwaebisch Hall"]

{[%evp 22,82,0,0,25,0,-3,-10,0,-2,0,0,0,0,2,-18,0,0,0,0,0,0,0,0,0,-8,-8,-15,-8,-14,-5,-8,-8,-17,-12,-12,-12,-15,-12,-10,-2,-8,0,-12,0,0,0,-26,-7,-3,-3,-17,-12,-18,-10,-14,-5,-5,0,-3,0,0,0]} 1. d4 Nf6 2. c4 e6 3. g3 d5 4. Bg2 Bb4+ 5. Bd2 Be7 6. Nf3 O-O 7. O-O c6 8. Qc2 b6 9. Bf4 Nbd7 10. cxd5 cxd5 11. Rc1 {E08: Closed Catalan: Main Line: 7 Qc2} Bb7 12. Qa4 {LiveBook: 3 Games} (12. Qb3 Rc8 13. Rxc8 Qxc8 14. Nc3 Nh5 15. Bg5 Bxg5 16. Nxg5 Nhf6 17. e3 Qb8 18. Bf1 Rc8 {½-½ (56) So,W (2788)-Karjakin,S (2760) London 2017}) 12... a6 13. Ne5 {White has an edge.} Nxe5 14. Bxe5 Rc8 15. Nd2 Ng4 $146 ({Predecessor:} 15... b5 16. Qb3 Qb6 17. Nf3 Rc4 18. Qd3 Rfc8 {0-1 (36) Torres Dominguez,D (2223)-Garcia Carbo,M (2355) Cambados 2005}) 16. Nf3 Nxe5 (16... b5 {with more complications.} 17. Rxc8 bxa4 18. Rxd8 Rxd8 19. Rc1 Rc8) 17. Nxe5 Bd6 18. Qd7 Bxe5 19. Qxd8 Rfxd8 20. dxe5 a5 21. Kf1 Kf8 (21... g5 {looks sharper.} 22. Ke1 f6 23. exf6 Kf7 24. e3 Kxf6 25. Kd2 h6) 22. Ke1 Rc5 23. Rc3 Rdc8 24. Rac1 Ba6 25. e3 Ke7 26. Kd2 f6 27. f4 fxe5 28. fxe5 Rf8 {[#] aiming for ...Rf2+.} 29. Ke1 Rxc3 30. Rxc3 $11 {[%mdl 4096] Endgame KRB-KRB} Kd7 31. g4 h6 32. Rb3 Kc7 33. Rc3+ Kd7 34. Rb3 Rb8 35. Rc3 {The position is equal.} Bc4 36. Bf1 Bxf1 37. Kxf1 {[#]} h5 $1 {[%mdl 512]} 38. h3 $1 (38. gxh5 Rh8) 38... hxg4 39. hxg4 g5 40. Kg2 Rf8 41. Rc1 Rh8 {Precision: White = 57%, Black = 38%.} 1/2-1/2

[Event "BL 2017-18"]
[Site "Germany"]
[Date "2018.02.24"]
[Round "9"]
[White "Yankelevich, Lev"]
[Black "Ragger, Markus"]
[Result "0-1"]
[WhiteElo "2446"]
[BlackElo "2666"]
[Annotator "TA"]
[PlyCount "76"]
[EventDate "2018.05.24"]
[EventType "team-tourn"]
[EventCountry "GER"]
[SourceTitle "playchess.com"]
[Source "ChessBase"]
[SourceQuality "1"]
[WhiteTeam "Speyer"]
[BlackTeam "Solingen"]

{[%evp 19,76,25,25,25,25,16,14,15,27,21,42,36,20,-110,-111,-95,-100,-145,-145,-145,-143,-155,-153,-150,-137,-130,-137,-179,-172,-241,-230,-268,-185,-465,-456,-467,-246,-267,-205,-176,109,-89,-89,-358,-168,-1093,-1048,-1839,0,-1816,-1747,-1712,-1684,-2833,-2586,-29995,-29996,-29996,-29997]} 1. d4 Nf6 2. c4 e6 3. Nf3 d5 4. g3 dxc4 5. Bg2 c6 6. a4 {E04: Open Catalan: 5 Nf3} Bb4+ 7. Bd2 a5 8. Qc2 Bxd2+ 9. Qxd2 Ne4 10. Qc2 (10. Qf4 Qb6 11. O-O Qxb2 12. Na3 Nc3 13. Kh1 O-O 14. Nxc4 Qxe2 {½-½ (69) Cheparinov,I (2710)-Wang,H (2709) Riadh 2017}) 10... Nd6 {LiveBook: 17 Games} 11. O-O Na6 12. Ne5 Nb4 13. Qc1 O-O 14. Na3 Qc7 15. Rd1 $146 b6 {[%cal Bb7b6,Bb6b5][%mdl 32] [#]} 16. Nb5 (16. Nxc6 $1 $11 {[%mdl 512] remains equal.} Nd5 (16... Nxc6 17. Nb5) 17. b3) 16... cxb5 $17 {[%cal Bc6b5,Bb5a4][%mdl 32]} 17. Bxa8 bxa4 $1 18. Bg2 {[#]} b5 $1 19. Nd3 Bb7 20. Nc5 Bxg2 21. Kxg2 Nf5 22. Qf4 Qc6+ 23. Qe4 {[#]} Nxd4 $1 {[%mdl 512]} 24. Rxd4 (24. Qxc6 $142 Nbxc6 25. Rd2) 24... Qxc5 $19 25. Rad1 g6 26. Kg1 $2 (26. Rd8) 26... c3 27. bxc3 Qxc3 (27... Na2 $142 28. Qc2 Nxc3) 28. Qb7 Qc6 29. Qa7 Qa8 $2 {[#]} (29... Nd5 $19 {And now ...Ra8 would win.} 30. Qxa5 Ra8) 30. Qc5 $2 (30. Qxa8 $1 $16 {is forced if you want to stay better.} Rxa8 31. Rd8+ Rxd8 32. Rxd8+ Kg7 33. Rb8) 30... Nd5 $17 31. Rh4 $2 {[%mdl 8192]} ({Wrong is} 31. e4 $2 Rc8 $17) (31. Rxd5 $17 {is a better defense.} exd5 32. Qxb5) 31... Rc8 (31... b4 $142 {Threatens to win with ...Rc8.} 32. Rc4 a3) 32. Qd4 $2 (32. Qxb5 Nc3 33. Qd3) 32... Nc3 $19 33. Qf6 Nxe2+ 34. Kf1 Nc3 {[%cal Ra8h1]} 35. Kg1 Nxd1 36. Rd4 Nc3 {( -> ...Ne2+)} 37. Rd7 Ne2+ 38. Kf1 Rc1+ {Precision: White = 28%, Black = 46%.} 0-1

[Event "BL 2017-18"]
[Site "Germany"]
[Date "2018.02.24"]
[Round "9"]
[White "Perske, Thore"]
[Black "Krause, Benedict"]
[Result "1/2-1/2"]
[WhiteElo "2443"]
[BlackElo "2453"]
[Annotator "TA"]
[PlyCount "83"]
[EventDate "2018.05.24"]
[EventType "team-tourn"]
[EventCountry "GER"]
[SourceTitle "playchess.com"]
[Source "ChessBase"]
[SourceQuality "1"]
[WhiteTeam "SV Hofheim"]
[BlackTeam "Norderstedt"]

{[%evp 27,83,44,46,40,47,17,72,72,72,72,72,72,72,73,74,77,111,93,93,93,93,93,94,94,106,106,106,89,136,121,121,121,121,121,121,0,121,97,97,97,97,97,97,97,121,97,97,97,121,121,121,42,97,97,97,97,97,0]} 1. e4 c5 2. Nf3 e6 3. d4 cxd4 4. Nxd4 Nc6 5. Nc3 Qc7 6. Be3 a6 7. Be2 b5 8. Nxc6 dxc6 9. O-O Nf6 10. f4 Bb7 11. e5 {B49: Sizilianisch (Paulsen-Variante)} Nd5 12. Nxd5 cxd5 13. Bd4 Bc5 14. c3 {[%cal Bc2c3,Bc3d4,Bd4c5][%mdl 32]} O-O {LiveBook: 3 Partien} 15. Rc1 $146 ({Vorgänger:} 15. Qd2 Rac8 16. a4 Bxd4+ 17. Qxd4 Bc6 18. a5 Bd7 {½-½ (58) Gallagher,J (2500)-Kaenel,H (2312) Switzerland 2014}) 15... Rac8 16. b4 Bxd4+ (16... Bb6 $11) 17. cxd4 $16 Qxc1 18. Qxc1 Rxc1 19. Rxc1 $11 {[%mdl 4096] Endspiel KTL-KTL} Rc8 20. Rc5 Rxc5 21. dxc5 $16 {KL-KL} g6 22. g4 {[%cal Bg2g4,Bg4g5][%mdl 32]} h6 23. h4 Bc6 24. Kf2 Kg7 25. Ke3 Kg8 26. Kd4 Kg7 27. g5 h5 28. Bd1 Kf8 29. Bc2 Ke7 30. Bd3 Kd7 31. Bc2 Ke7 $1 32. Bb3 Kd7 33. Ke3 Ke7 34. Bd1 Kd7 35. Kd2 Ke7 36. Kc3 Kd7 37. Be2 Ke7 38. a4 Kd7 39. axb5 (39. a5 $16) 39... axb5 (39... Bxb5 $14 40. Bd1 Kc7) 40. Kd4 {Weiß steht besser.} Ke7 41. Bd1 Kd7 42. Be2 {Precision: Weiß = 46%, Schwarz = 52%.} (42. Bf3 $16) 1/2-1/2

[Event "BL 2017-18"]
[Site "Germany"]
[Date "2018.02.24"]
[Round "9"]
[White "Zelbel, Patrick"]
[Black "Schramm, Christian"]
[Result "1-0"]
[WhiteElo "2441"]
[BlackElo "2376"]
[Annotator "TA"]
[PlyCount "47"]
[EventDate "2018.05.24"]
[EventType "team-tourn"]
[EventCountry "GER"]
[SourceTitle "playchess.com"]
[Source "ChessBase"]
[SourceQuality "1"]
[WhiteTeam "Muelheim"]
[BlackTeam "Zugzwang Muenchen"]

{[%evp 10,47,22,10,20,15,17,-2,12,2,15,17,27,35,29,26,22,16,24,8,65,56,175,163,147,164,167,183,208,214,215,107,370,373,348,375,356,350,449,452]} 1. e4 e6 2. d4 d5 3. Nd2 c5 4. exd5 Qxd5 5. Ngf3 cxd4 6. Bc4 Qd7 {C07: French Tarrasch: 3...c5, 4 Ngf3 and 4 exd5 Qxd5} 7. O-O Nc6 8. Qe2 a6 {The position is equal.} 9. a4 Be7 10. Nb3 Nf6 11. Rd1 {[%cal Rb3d4]} Qc7 12. Nbxd4 Bd7 13. Nxc6 Bxc6 14. Ne5 {[#] And now Nxf7! would win.} Bd5 $146 (14... O-O $11) 15. Bxd5 $14 Nxd5 (15... exd5 $14 16. Bf4 Qd8) 16. c4 $18 Nf6 {[#]} 17. Bf4 $1 $36 {[%mdl 2048] Hoping for Ng6! Black is under strong pressure.} Qc8 18. g4 h6 {[#]} 19. h4 $1 {[%cal Bh2h4,Bh4g5,Bg5g6][%mdl 32]} a5 20. Qf3 (20. Rd3 $18) 20... Ra6 $2 {[%mdl 8192]} (20... h5 $16 {was necessary.}) 21. g5 hxg5 22. hxg5 Nh5 23. Be3 {[%csl Ge5][%cal Rf3f7]} f6 24. g6 {Precision: White = 64%, Black = 33%.} 1-0

[Event "BL 2017-18"]
[Site "Germany"]
[Date "2018.02.24"]
[Round "9"]
[White "Maiwald, Jens-Uwe"]
[Black "Keymer, Vincent"]
[Result "0-1"]
[WhiteElo "2437"]
[BlackElo "2418"]
[Annotator "TA"]
[PlyCount "90"]
[EventDate "2018.05.24"]
[EventType "team-tourn"]
[EventCountry "GER"]
[SourceTitle "playchess.com"]
[Source "ChessBase"]
[SourceQuality "1"]
[WhiteTeam "Dresden"]
[BlackTeam "SF Deizisau"]

{[%evp 16,90,-7,-11,23,25,16,14,25,30,35,32,17,32,37,18,56,0,4,-9,0,0,12,12,12,11,45,49,45,64,66,61,66,50,58,64,62,51,99,99,99,62,59,52,54,59,48,35,34,28,107,59,79,-27,-16,-22,0,0,0,-13,0,0,0,0,0,0,0,-99,-99,-102,-99,-641,-636,-629,-625,-1008,-970]} 1. e4 c5 2. d3 Nc6 3. g3 e6 4. Nf3 d5 5. Qe2 Nf6 6. Bg2 Be7 7. O-O O-O 8. e5 Nd7 9. c4 b5 {C00: French: Unusual White 2nd moves} (9... d4 10. Re1 Rb8 11. h4 b5 12. cxb5 Rxb5 13. Na3 Rb8 14. Nc4 Nb6 15. b3 Nxc4 16. bxc4 Rb6 17. Ng5 {1-0 (32) Carlsen,M (2837)-Ding,L (2774) Saint Louis 2017}) 10. cxd5 exd5 11. Nc3 Nb6 {The position is equal.} 12. Nxb5 a6 13. Na3 $146 ({Predecessor:} 13. Nc3 Bg4 14. h3 Nd4 15. Qd1 Nxf3+ 16. Bxf3 Bxh3 17. Re1 {½-½ (55) Bokros,A (2461)-Banusz,T (2609) Zalakaros 2014}) 13... Bg4 14. Nc2 Qd7 15. Re1 Rae8 16. Bf4 (16. b3 $14) 16... d4 $11 17. Na3 {[%cal Bc2a3,Ba3b1,Bb1d2,Bd2b3][%mdl 32]} Nb4 18. Bd2 a5 19. Bxb4 axb4 20. Nb1 c4 21. dxc4 d3 22. Qe4 Na4 23. Nbd2 Nxb2 24. Qd4 Na4 25. Qxd7 Bxd7 26. Re3 Bf5 27. Nd4 Bg6 28. N2b3 Rc8 29. Nc6 Rfe8 30. Bd5 Nc3 31. Kf1 {[%cal Bg1f1,Bf1e1,Be1d2][%mdl 32]} h5 32. Ke1 Bd8 (32... Rc7 $1 $11 {keeps the balance.}) 33. Kd2 Bb6 34. Rae1 (34. f4 $16) 34... Bxe3+ ({Much worse is} 34... Nxa2 $6 35. c5 $16) 35. Rxe3 Rxc6 36. Bxc6 Rc8 37. Nd4 Rd8 38. Bd5 Nxd5 39. cxd5 {[%mdl 4096] Endgame Strongly threatening Nc6. KRB-KRN} Ra8 $1 40. Re1 {d6 is the strong threat.} Rxa2+ 41. Ke3 {[#]} (41. Kd1 $1 $11) 41... d2 $1 $17 {[%cal Rd2e1]} 42. Rd1 b3 $1 {[%cal Bb4b3,Bb3b2][%mdl 32]} 43. d6 $2 {[%mdl 8192]} (43. Nxb3 $17 Ra3 44. Kd4 Rxb3 45. Rxd2) 43... b2 $19 {Black is clearly winning.} 44. d7 Ra8 45. Nc6 Bc2 {Precision: White = 51%, Black = 56%.} 0-1

[Event "BL 2017-18"]
[Site "Germany"]
[Date "2018.02.24"]
[Round "9"]
[White "Vogel, Roven"]
[Black "Kozul, Zdenko"]
[Result "0-1"]
[WhiteElo "2437"]
[BlackElo "2625"]
[Annotator "TA"]
[PlyCount "102"]
[EventDate "2018.05.24"]
[EventType "team-tourn"]
[EventCountry "GER"]
[SourceTitle "playchess.com"]
[Source "ChessBase"]
[SourceQuality "1"]
[WhiteTeam "Dresden"]
[BlackTeam "SF Deizisau"]

{[%evp 23,102,-32,-29,-57,-39,-47,-8,-18,16,13,14,8,11,6,13,0,0,0,0,0,-2,-9,0,-20,0,-26,-12,-23,-7,-13,-8,-8,-8,-8,-8,-11,0,-11,0,-28,-34,-33,-36,-21,-21,-37,-20,-31,-24,-39,-51,-48,-41,-69,-55,-77,-83,-83,-79,-230,-211,-248,-233,-229,-223,-472,-408,-484,-498,-459,-412,-303,-269,-617,-614,-603,-603,-562,-519,-407,-395]} 1. d4 Nf6 2. c4 g6 3. Nc3 Bg7 4. e4 d6 5. Be2 O-O 6. Be3 c6 7. Nf3 e5 8. O-O exd4 9. Nxd4 Re8 10. f3 d5 11. cxd5 Nxd5 {[%cal Bf6d5,Bd5f4,Bf4d3][%mdl 32]} 12. Bf2 {E94: King's Indian: Classical: 6 Be2 e5 7 0-0: Various Black 7th moves} Nf4 $1 {LiveBook: 6 Games} 13. Nb3 Qxd1 14. Bxd1 {Black is slightly better.} Nd3 15. Bd4 {[#]} Bxd4+ $146 ({Predecessor:} 15... Nxb2 16. Be2 b5 17. Bxg7 Kxg7 18. Rab1 Nc4 19. Bxc4 bxc4 {1-0 (57) Eljanov,P (2686)-Jankovic,A (2541) Dresden 2007}) 16. Nxd4 Rd8 17. Be2 Nxb2 18. Nb3 {Black must now prevent Rab1.} a5 19. Rab1 a4 $1 20. Rxb2 {Strongly threatening Nc5.} axb3 21. axb3 Be6 22. Rc1 Nd7 23. Na4 Ra5 24. h4 Rda8 25. Kf2 h5 26. Nc3 Ra1 27. Rxa1 Rxa1 28. Bd1 Nc5 29. Ke3 b5 30. b4 Na4 (30... Na6 {looks sharper.} 31. Kd2 Kf8 32. Ne2 Ke7 33. Nd4 Kd7) 31. Rb1 (31. Bxa4 $5 bxa4 32. Rb1 $11) 31... Ra3 32. Bxa4 $1 Rxc3+ $15 {[%mdl 4096] Endgame KRB-KRB} 33. Kd2 Ra3 34. Bc2 Kf8 35. Re1 Ke7 36. Re3 Ra2 37. f4 Kd6 38. Rd3+ Kc7 39. Rg3 Kb6 40. Kc1 Ra1+ 41. Kb2 $2 (41. Kd2 $17 {is the only way for White.}) 41... Rh1 $1 $19 42. f5 gxf5 43. exf5 Bd5 44. Bb3 $2 (44. Rh3 Rf1 45. Rd3) 44... Rxh4 45. Bxd5 cxd5 {KR-KR} 46. Kc3 Rc4+ 47. Kd3 Rxb4 {( -> ...Rb3+)} 48. Rg5 $2 (48. Rg7) 48... Kc5 49. Rxh5 {[#]} Rd4+ $1 50. Kc2 Rc4+ 51. Kd3 {[#]} Kd6 $1 {Precision: White = 42%, Black = 77%.} 0-1

[Event "BL 2017-18"]
[Site "Germany"]
[Date "2018.02.24"]
[Round "9"]
[White "Lauber, Arnd"]
[Black "Zeller, Frank"]
[Result "1/2-1/2"]
[WhiteElo "2430"]
[BlackElo "2382"]
[Annotator "TA"]
[PlyCount "83"]
[EventDate "2018.05.24"]
[EventType "team-tourn"]
[EventCountry "GER"]
[SourceTitle "playchess.com"]
[Source "ChessBase"]
[SourceQuality "1"]
[WhiteTeam "SFR Berlin"]
[BlackTeam "Schwaebisch Hall"]

{[%evp 26,83,62,69,58,54,83,79,85,82,80,97,108,107,110,115,161,164,184,161,154,101,84,81,86,87,86,90,79,93,62,-31,-20,-31,-22,-111,-39,-50,-30,-45,0,0,0,-12,-12,-12,-12,-12,-10,-5,0,0,0,0,0,0,0,0,0,0]} 1. d4 Nf6 2. c4 e6 3. Nc3 c5 4. d5 exd5 5. cxd5 d6 6. Nf3 g6 7. Nd2 Nbd7 8. e4 Bg7 9. Be2 O-O 10. O-O Re8 11. a4 Ne5 12. Re1 Bg4 {A77: Modern Benoni: Classical: 9...Re8 10 Nd2: 10...a6 and 10...Nbd7} 13. f3 Bd7 14. Nf1 {[#] LiveBook: 4 Games} c4 $146 {White is slightly better.} ({Predecessor:} 14... h5 15. Bg5 Qb6 16. Qc2 Nh7 17. Be3 f5 18. Bb5 Bxb5 19. axb5 fxe4 20. Nxe4 {½-½ (36) Volkov,S (2618)-Gabrielian,A (2554) Taganrog 2015}) 15. Be3 Qa5 16. Nd2 Rac8 17. Nb5 Bxb5 18. axb5 Qxb5 19. b3 a6 20. bxc4 Qb2 21. Rb1 Qa3 22. Rb3 Qa5 23. Qb1 (23. Rxb7 $142 {Threatens to win with c5!} Ned7 24. Qa1 Qxa1 25. Rxa1) 23... Ned7 $16 24. Rxb7 Nc5 25. Nb3 Nxb3 26. Rxb3 Nd7 27. Rd1 Nc5 28. Bd2 ({White should try} 28. Rb6 $14) 28... Qd8 29. Rb4 f5 30. Bd3 (30. Be3 $11 {remains equal.}) 30... Bd4+ (30... fxe4 $17 31. fxe4 Qe7) 31. Kh1 $15 fxe4 32. Bxe4 Nxe4 33. fxe4 {The position is equal.} Qh4 34. Be1 Qxe4 35. Qxe4 Rxe4 36. Bg3 Bc5 37. Ra4 h5 38. Rxa6 Rd8 39. h4 Rxc4 40. Re1 Rg4 41. Kh2 Rd4 42. Bf2 {Precision: White = 64%, Black = 63%.} 1/2-1/2

[Event "BL 2017-18"]
[Site "Germany"]
[Date "2018.02.24"]
[Round "9"]
[White "Kopylov, Michael"]
[Black "Ginsburg, Gennadi"]
[Result "1-0"]
[WhiteElo "2424"]
[BlackElo "2443"]
[Annotator "TA"]
[PlyCount "81"]
[EventDate "2018.05.24"]
[EventType "team-tourn"]
[EventCountry "GER"]
[SourceTitle "playchess.com"]
[Source "ChessBase"]
[SourceQuality "1"]
[WhiteTeam "Norderstedt"]
[BlackTeam "SV Hofheim"]

{[%evp 24,81,105,118,102,130,266,260,258,261,255,245,230,244,277,275,257,206,197,203,197,158,163,158,201,89,89,91,95,95,90,86,117,115,125,115,132,125,138,134,126,118,193,188,198,198,188,184,175,174,821,737,4862,4862,6142,6070,29984,29985,29985,29986]} 1. d4 Nf6 2. c4 g6 3. g3 Bg7 4. Bg2 O-O 5. Nc3 d6 6. Nf3 Nc6 7. O-O Bf5 8. d5 Na5 9. Nd2 c6 10. b4 {[%cal Bb2b4,Bb4a5][%mdl 32] E62: King's Indian: Fianchetto: 6...c6 and Panno Variation (6...Nc6) without ...a6} (10. e4 Bg4 11. Qa4 cxd5 12. cxd5 Bd7 13. Qa3 Ng4 14. b4 Rc8 15. Bb2 Nc4 16. Nxc4 Rxc4 17. Qb3 Qc7 18. Rfc1 Nxf2 19. Kxf2 Qb6+ {0-1 (19) Karpov,A (2628)-Fressinet,L (2702) Cap d'Agde 2015}) 10... Nxd5 11. cxd5 Bxc3 12. e4 Bxa1 13. exf5 {LiveBook: 3 Games} cxd5 14. bxa5 e6 (14... Qxa5 $16 15. Nb3 Qxa2) 15. Nb3 {Threatens to win with fxe6.} Bg7 16. fxe6 $1 fxe6 17. Nd4 Bxd4 18. Qxd4 {Strongly threatening Bb2.} Qxa5 19. Bb2 $146 {[%csl Gb2][%cal Rd4g7]} e5 20. Qxd5+ Qxd5 21. Bxd5+ Kg7 22. f4 Kh6 23. Bc1 {And now fxe5+ would win.} exf4 24. Rxf4 (24. h4 $18 {has better winning chances.}) 24... Rxf4 $16 25. Bxf4+ g5 26. Be3 {[%mdl 1024] White has strong compensation.} Re8 27. Bxa7 Re5 28. Bb3 Re2 29. h3 Kg6 30. Kf1 Rd2 31. Be3 Rb2 32. Bd4 Rd2 {[#]} (32... Rh2 $16) 33. Bc3 $1 $18 {[%cal Rc3d2]} Rh2 {[#]} 34. Bd5 $1 Rxh3 35. Kg2 ({And not} 35. Bxb7 Rxg3 36. Bb4 Rg4 $11) 35... g4 36. Bxb7 {aiming for a4.} Kf7 $2 (36... Rh5 37. Kf2 Rc5 38. Be4+ Kf7) 37. a4 {[%cal Ba2a4,Ba4a5,Ba5a6][%mdl 32]} Ke7 38. a5 Kd7 39. a6 {White wants to mate with a7.} Kc7 40. Ba5+ Kb8 41. Bb6 {Precision: White = 85%, Black = 31%.} 1-0

[Event "BL 2017-18"]
[Site "Germany"]
[Date "2018.02.24"]
[Round "9"]
[White "Schneider, Stefan"]
[Black "Spoelman, Wouter"]
[Result "*"]
[WhiteElo "2401"]
[BlackElo "2578"]
[Annotator "TA"]
[PlyCount "24"]
[EventDate "2018.05.24"]
[EventType "team-tourn"]
[EventCountry "GER"]
[SourceTitle "playchess.com"]
[Source "ChessBase"]
[SourceQuality "1"]
[WhiteTeam "Bayern Muenchen"]
[BlackTeam "Werder Bremen"]

{[%evp 13,24,18,29,1,16,0,9,4,13,0,2,0,6]} 1. d4 d5 2. c4 c6 3. cxd5 cxd5 4. Bg5 Nc6 (4... h6 5. Bh4 Qb6 6. Nc3 e5 7. Nf3 Nc6 8. e3 exd4 9. Nxd4 Qxb2 10. Nxd5 Bb4+ 11. Nxb4 Qc3+ {0-1 (20) Mamedyarov,S (2809)-Andreikin,D (2712) Moscow 2018}) 5. Nc3 f6 6. Bd2 {D10: Slav Defence: 3 cxd5 (without early Nf3) and 3 Nc3} e6 7. Nf3 Bd6 {LiveBook: 5 Games} 8. e3 {White has an edge.} a6 $146 {The position is equal.} ({Predecessor:} 8... Nge7 9. Bd3 Bd7 10. O-O Rc8 11. a3 a6 {1-0 (41) Kirilin,D (1917)-Sharovskaya,O (1995) Bialystok 2017}) 9. Be2 Nge7 10. O-O O-O 11. Rc1 b5 12. Bd3 Bd7 *

[Event "BL 2017-18"]
[Site "Germany"]
[Date "2018.02.24"]
[Round "9"]
[White "Hoolt, Sarah"]
[Black "Ganguly, Surya Shekhar"]
[Result "0-1"]
[WhiteElo "2400"]
[BlackElo "2650"]
[Annotator "TA"]
[PlyCount "86"]
[EventDate "2018.05.24"]
[EventType "team-tourn"]
[EventCountry "GER"]
[SourceTitle "playchess.com"]
[Source "ChessBase"]
[SourceQuality "1"]
[WhiteTeam "Speyer"]
[BlackTeam "Solingen"]

{[%evp 17,86,0,0,0,0,0,0,0,18,3,15,0,0,-63,-29,-82,-34,-91,-53,-60,-59,-66,-71,-63,-70,-124,-125,-121,-125,-184,-177,-217,-210,-237,-234,-266,-254,-231,-210,-256,-229,-266,-266,-265,-265,-265,-264,-264,-215,-207,-204,-502,-502,-505,-502,-510,-487,-480,-480,-473,-473,-499,-476,-652,-643,-771,-709,-772,-755,-1388,-1423]} 1. e4 {[%cal Be2e4,Be4e5][%mdl 32]} e6 2. d4 d5 3. e5 c5 4. c3 Qb6 5. Nf3 Nc6 6. a3 f6 7. Bd3 fxe5 {C02: French: Advance Variation} 8. dxe5 c4 9. Bc2 g6 {LiveBook: 12 Games. The position is equal.} 10. b3 $146 ({Predecessor:} 10. Qe2 Bg7 11. Be3 Qc7 12. Bd4 Nh6 13. O-O Bd7 14. Nbd2 Nxd4 15. cxd4 {½-½ (36) Mastrovasilis,D (2606)-Bartel,M (2640) Lublin 2016}) 10... cxb3 11. Bxb3 Bg7 12. O-O Nge7 13. Bg5 Nxe5 14. Nxe5 Bxe5 15. Bxe7 (15. Nd2 $11) 15... Kxe7 $15 16. Ra2 (16. Re1 $11 Qd6 17. g3) 16... Kf7 17. Re2 (17. c4 $15) 17... Bf6 $36 {[%mdl 2048] Black has good play.} 18. c4 Rd8 19. cxd5 exd5 20. Bxd5+ Kg7 {[#] Hoping for ...Bg4.} 21. Qb3 ({White should play} 21. Rd2 $1 $15) 21... Qxb3 $17 22. Bxb3 Bf5 {Threatens to win with ...Bd3.} 23. Rc1 (23. Rfe1 $17) 23... Rac8 $19 24. Ree1 b5 {[%cal Bb7b5,Bb5b4][%mdl 32]} 25. g3 a5 26. a4 b4 27. Rxc8 Rxc8 28. Kg2 Kf8 29. h4 Rd8 30. Rc1 h5 31. Re1 Rd6 32. Rc1 Ke7 33. Kf1 Kd7 34. Ke1 $2 (34. Ke2) 34... Bb2 {Black is clearly winning.} 35. Rc2 Bxc2 36. Bxc2 {[%mdl 4096] Endgame KRB-KBN} Ke7 37. Ke2 Bc1 38. Ke1 Kf6 39. Ke2 Ke5 40. Ke1 Kd4 41. Bb3 Kd3 42. Kd1 Bb2 {[#] ( -> ...Rc6)} 43. Ke1 Rc6 {Precision: White = 35%, Black = 87%.} 0-1

[Event "BL 2017-18"]
[Site "Germany"]
[Date "2018.02.24"]
[Round "9"]
[White "Parvanyan, Ashot"]
[Black "Lobzhanidze, Davit"]
[Result "1/2-1/2"]
[WhiteElo "2374"]
[BlackElo "2432"]
[Annotator "TA"]
[PlyCount "48"]
[EventDate "2018.05.24"]
[EventType "team-tourn"]
[EventCountry "GER"]
[SourceTitle "playchess.com"]
[Source "ChessBase"]
[SourceQuality "1"]
[WhiteTeam "Norderstedt"]
[BlackTeam "SV Hofheim"]

{[%evp 18,48,17,24,24,31,37,39,39,39,38,32,25,27,21,0,27,0,18,20,57,40,49,25,52,30,53,0,0,0,0,0,52]} 1. Nf3 Nf6 2. c4 c6 3. g3 d5 4. Bg2 e6 5. b3 Be7 6. O-O O-O 7. Bb2 Nbd7 8. d4 b6 9. Nc3 Ba6 10. a4 dxc4 {E07: Closed Catalan: Main Line (5 Nf3 0-0 6 0-0 Nbd7)} (10... Qc7 11. Rc1 Rad8 12. cxd5 exd5 13. Nh4 Rfe8 14. Nf5 Bf8 15. Nb5 Bxb5 16. axb5 Nb8 17. Qd3 Qb7 18. Ra1 {1-0 (51) Cheparinov,I (2695)-Rogic,D (2511) Mali Losinj 2017}) 11. bxc4 Bxc4 12. Nd2 Ba6 $1 {White is slightly better.} 13. Bxc6 Rc8 14. Bg2 Nb8 {[%cal Bd7b8,Bb8c6,Bc6a5][%mdl 32]} 15. Nb5 Qd7 16. Qb3 Nc6 17. Nf3 $146 (17. Bxc6 $5 Rxc6 18. Rfc1 $11) ({Predecessor:} 17. Rfc1 Na5 18. Qd3 {½-½ (46) Demian,V-Zlender,B ICCF corr 1998}) 17... Na5 18. Qd3 Nd5 19. Ne5 $36 {[%mdl 2048] White has the initiative.} Qe8 20. Rfc1 Rxc1+ 21. Rxc1 Nb4 $1 {[%cal Rb4d3]} 22. Qd1 (22. Qf3 $14) 22... Bxb5 $11 {The position is equal.} 23. axb5 Qxb5 24. e4 Nbc6 (24... Rd8 $11) 1/2-1/2